| 000 | 09494cam a22019817i 4500 | ||
|---|---|---|---|
| 999 | _c59004 | ||
| 001 | n2jsztcnlnngzl5h | ||
| 003 | LIBRIS | ||
| 005 | 20220317153308.0 | ||
| 008 | 211208s2022 sw |||||||||||000 0|swe|d | ||
| 020 |
_a9789144132402 _qhäftad |
||
| 035 | _a(BOKR)9789144132402 | ||
| 035 | _a(OCoLC)1287970463 | ||
| 040 |
_aBOKR _bswe _ei _erda |
||
| 041 | _aswe | ||
| 082 | 0 | 4 |
_a610.73 _223/swe |
| 084 |
_aVf _2kssb/8 |
||
| 084 |
_aVpg _2kssb/8 |
||
| 245 | 1 | 0 |
_aOmvårdnad & kirurgi / _cChristine Kumlien, Jenny Rystedt (red.). |
| 246 | 1 | _aOmvårdnad och kirurgi | |
| 250 | _aAndra upplagan | ||
| 264 | 1 |
_aLund : _bStudentlitteratur, _c[2022] |
|
| 264 | 3 | _c2022 | |
| 300 |
_a574 sidor _billustrationer _c28.5 cm |
||
| 336 |
_atext _btxt _2rdacontent |
||
| 337 |
_aunmediated _bn _2rdamedia |
||
| 338 |
_avolume _bnc _2rdacarrier |
||
| 500 | _aHärtill kompletterande material på Internet (aktiveringskod krävs) | ||
| 520 | _aBöckerna Omvårdnad & kirurgi samt Omvårdnad & medicin är resultatet av ett gemensamt projekt som har lett fram till dessa två skräddarsydda publikationer för sjuksköterskeutbildningen. I den nya uppdaterade upplagan förser innehållet läsaren med aktuella heltäckande kunskaper inom två viktiga kärnämnen i utbildningen... | ||
| 650 | 7 |
_aOmvårdnad _0https://id.kb.se/term/sao/Omv%C3%A5rdnad _2sao |
|
| 650 | 7 |
_aKirurgi _0https://id.kb.se/term/sao/Kirurgi _2sao |
|
| 650 | 2 | _aGeneral Surgery | |
| 650 | 2 | _aNursing care | |
| 650 | 7 |
_aAllmänkirurgi _2swemesh |
|
| 650 | 7 |
_aOmvårdnad _2swemesh |
|
| 650 | 0 | _aNursing | |
| 650 | 0 | _aSurgery | |
| 650 | 0 | _aSurgery, Operative | |
| 653 | _aOmvårdnad | ||
| 653 | _aKirurgi | ||
| 700 | 1 |
_aKumlien, Christine, _d1961- _4edt _0https://libris.kb.se/xv8cl49g2pdknxd#it |
|
| 700 | 1 |
_aRystedt, Jenny, _d1971- _4edt _0https://libris.kb.se/zw9dm5bh020cfkj#it |
|
| 887 |
_a{"@id":"n2jsztcnlnngzl5h","modified":"2022-02-28T13:26:59.663+01:00"} _2librisxl |
||
| 887 |
_a{"@id":"zd5nrnl1wg05snkj","modified":"2022-03-07T15:16:40.054+01:00"} _2librisxl |
||
| 887 |
_a{"@id":"p4sbwcc6mhkltk9v","modified":"2022-02-09T14:13:14.339+01:00"} _2librisxl |
||
| 887 |
_a{"@id":"v91qjttpsg43zvdt","modified":"2022-02-28T13:27:28.743+01:00"} _2librisxl |
||
| 887 |
_a{"@id":"brgrm32b8r1k8n0b","modified":"2022-02-16T08:56:34.642+01:00"} _2librisxl |
||
| 887 |
_a{"@id":"0f222hj5xnm2181h","modified":"2022-01-27T08:01:55.46+01:00"} _2librisxl |
||
| 887 |
_a{"@id":"2h8dnb4m0js8smqk","modified":"2022-03-04T11:34:34.18+01:00"} _2librisxl |
||
| 887 |
_a{"@id":"8phw2jcr6sncz9jb","modified":"2022-03-15T12:10:35.024+01:00"} _2librisxl |
||
| 887 |
_a{"@id":"9qcgzjt87k7nj09c","modified":"2022-02-10T12:57:42.405+01:00"} _2librisxl |
||
| 887 |
_a{"@id":"t8xr09mfrzdr8bgb","modified":"2022-02-03T16:12:06.033+01:00"} _2librisxl |
||
| 887 |
_a{"@id":"q4ll8mmnn7gk6wqk","modified":"2021-12-14T14:16:29.143+01:00"} _2librisxl |
||
| 887 |
_a{"@id":"m2r6k8cmk9bv71hx","modified":"2022-02-17T09:50:42.372+01:00"} _2librisxl |
||
| 887 |
_a{"@id":"q5z8mxdjn56r1drq","modified":"2022-03-14T16:35:26.608+01:00"} _2librisxl |
||
| 887 |
_a{"@id":"2h48rfhv0lp1fsc4","modified":"2022-01-28T15:16:35.286+01:00"} _2librisxl |
||
| 887 |
_a{"@id":"xc2cg9qsvfvq1n10","modified":"2022-02-16T10:24:15.276+01:00"} _2librisxl |
||
| 887 |
_a{"@id":"brk232hm8jgb0993","modified":"2022-03-16T08:18:24.647+01:00"} _2librisxl |
||
| 887 |
_a{"@id":"k0n6qwfkh5rc70vb","modified":"2022-02-09T13:55:19.284+01:00"} _2librisxl |
||
| 887 |
_a{"@id":"9qfvx4ww7cxq8n6d","modified":"2022-02-17T14:10:57.622+01:00"} _2librisxl |
||
| 887 |
_a{"@id":"t8xtnsztrdmm8xxk","modified":"2022-02-04T10:05:02.492+01:00"} _2librisxl |
||
| 887 |
_a{"@id":"p4rhbld3mh5n0vq5","modified":"2022-02-02T16:26:54.149+01:00"} _2librisxl |
||
| 887 |
_a{"@id":"1g3tpz3bzp8ff29q","modified":"2022-02-02T16:27:03.967+01:00"} _2librisxl |
||
| 887 |
_a{"@id":"1g36n0bvzlns2ff9","modified":"2022-02-08T11:53:19.398+01:00"} _2librisxl |
||
| 887 |
_a{"@id":"s7vzdp9fqjt0x53s","modified":"2022-02-02T19:29:26.859+01:00"} _2librisxl |
||
| 887 |
_a{"@id":"s7vpxhwxqhkpx2x2","modified":"2022-02-03T09:16:25.76+01:00"} _2librisxl |
||
| 887 |
_a{"@id":"l1n5n5nmjpxh9brm","modified":"2022-01-31T13:17:36.724+01:00"} _2librisxl |
||
| 887 |
_a{"@id":"l1ns4hgrjn4nfftd","modified":"2022-01-28T14:16:28.436+01:00"} _2librisxl |
||
| 887 |
_a{"@id":"k0sphhvfhc15xsl0","modified":"2022-03-11T01:00:25.827+01:00"} _2librisxl |
||
| 887 |
_a{"@id":"4k46d5sf26swz98h","modified":"2022-01-10T12:16:41.143+01:00"} _2librisxl |
||
| 887 |
_a{"@id":"3j790f8z179x1qsr","modified":"2022-02-14T13:37:01.152+01:00"} _2librisxl |
||
| 887 |
_a{"@id":"zdxp4rfqwxm2sfj0","modified":"2022-02-03T06:13:08.585+01:00"} _2librisxl |
||
| 887 |
_a{"@id":"8ph1xq3q6wz6mfvp","modified":"2022-03-16T14:19:36.798+01:00"} _2librisxl |
||
| 887 |
_a{"@id":"t8x734z9r63skrk5","modified":"2022-02-16T12:23:12.582+01:00"} _2librisxl |
||
| 887 |
_a{"@id":"p4rws9ckm41gt0lw","modified":"2022-01-28T11:16:50.667+01:00"} _2librisxl |
||
| 887 |
_a{"@id":"csd3pmnr9x6s18nh","modified":"2022-01-24T14:16:40.353+01:00"} _2librisxl |
||
| 900 | 1 | s |
_6700 _d1961- _uKumlien, Christine, _d1961- |
| 900 | 1 | s |
_6700 _d1961- _uKumlien, Christine, _d1961- |
| 900 | 1 | s |
_6700 _d1971- _uRystedt, Jenny, _d1971- |
| 942 |
_2z _cBOOK |
||